000 00318nam a2200109Ia 4500
008 230320s9999||||xx |||||||||||||| ||spa||
082 _a268.433/P85/3
100 _aComision Catequetica D Ela Prelatura De Yayos
245 0 _aDios Llama A La Conversión : Tercer Grado De Secundaria
260 _bJalsa
942 _80
_cLIB
999 _c24497
_d24497